Peugeot Car Models Worldwide 2024-25 - Statistics

General Stats
  • This quiz has been taken 377 times
    109 since last reset
  • The average score is 22 of 33
Answer Stats
Hint Answer % Correct
Subcompact Hatchback 208
97%
Subcompact Hatchback EV e-208
97%
Compact Hatchback 308
96%
Compact Wagon 308 SW
96%
Compact Crossover 3008
92%
Compact Crossover EV e-3008
92%
Midsize Liftback 508
89%
Midsize Liftback 508L
89%
Midsize Liftback PHEV 508L PHEV
89%
Midsize Sport Liftback 508 PSE
89%
Midsize Wagon 508 SW
89%
Midsize Sport Wagon 508 SW PSE
89%
Midsize Crossover 5008
88%
Midsize Crossover EV e-5008
88%
Subcompact Crossover 2008
87%
Compact Sedan 408
87%
Compact Crossover 408X
87%
Subcompact Crossover EV e-2008
87%
Compact Crossover 4008
72%
Compact Crossover PHEV 4008 PHEV
72%
Commercial Van EV e-Partner
47%
Commercial Van Partner
47%
Commercial Van Partner Rapid
47%
Commercial Van Boxer
38%
Commercial Van EV e-Boxer
38%
Compact MPV EV e-Rifter
32%
Compact MPV Rifter
32%
Compact Sedan 301
29%
Commercial Van EV e-Expert
25%
Commercial Van Expert
25%
Minivan EV e-Traveller
21%
Minivan Traveller
21%
Midsize Pickup Landtrek
13%
No matching quizzes found
Score Distribution
Percent of People with Each Score
Percentile by Number Answered
Your Score History
You have not taken this quiz since the last reset